| 000 | 01118nam a2200313 i 4500 | ||
|---|---|---|---|
| 001 | 009912756 | ||
| 003 | EG-ScBUE | ||
| 005 | 20230509123721.0 | ||
| 008 | 011026t1995 mauac f b 001 0 eng d | ||
| 020 | _a9780262561495 | ||
| 040 |
_aUk _beng _erda _cUk _dEG-ScBUE |
||
| 082 | 0 | 4 |
_a724.5 _222 _bFRA |
| 100 | 1 |
_aFrampton, Kenneth, _eauthor. |
|
| 245 | 1 | 0 |
_aStudies in tectonic culture : _bthe poetics of construction in nineteenth and twentieth century architecture / _cKenneth Frampton ; edited by John Cava. |
| 264 | 1 |
_aCambridge, Massachusetts : _bThe MIT Press, _c[1995] |
|
| 264 | 4 | _cc1995 | |
| 300 |
_axi, 430 pages : _billustrations, portraits ; _c28 cm |
||
| 336 |
_atext _2rdacontent _btxt |
||
| 337 |
_aunmediated _2rdamedia _bn |
||
| 338 |
_avolume _2rdacarrier _bnc |
||
| 504 | _aIncludes bibliographical references and index. | ||
| 650 | 7 |
_aSymbolism in architecture. _2BUEsh |
|
| 650 | 7 |
_aArchitecture, Modern _y19th century. _2BUEsh |
|
| 650 | 7 |
_aArchitecture, Modern _y20th century. _2BUEsh |
|
| 653 |
_bART _cMay2023 |
||
| 655 | _vReading book | ||
| 700 | 1 |
_aCava, John, _eeditor. |
|
| 942 |
_2ddc _cBB |
||
| 999 |
_c30320 _d30291 |
||